000 00458nmm a2200169Ia 4500
008 251105s9999||||xx |||||||||||||||||und||
020 _a9788496290198
041 _aspa
100 _aPalencia, Alonso de
245 0 _aGuerra de Granada
264 _a[Madrid, España] :
_bLinkgua,
_c2011
300 _a283 páginas
490 _aHistoria
650 _aHistory of Europe: Spain
856 _uhttps://public.digitaliapublishing.com/a/13508
942 _cCF
999 _c89729
_d89729